[Event "Mondiale Lampo FIDE 2022"]
[Site "Alma Ata"]
[Date "29.12.2022"]
[Round "3.58"]
[White "Gadimbayli, Abdulla"]
[Black "Jumabayev, Rinat"]
[Result "0-1"]
[WhiteTitle ""]
[BlackTitle ""]
[WhiteElo "2524"]
[BlackElo "2609"]
[WhiteFideId "13404938"]
[BlackFideId "13702661"]
[EventDate "29.12.2022"]

1. e4 e6 2. d4 d5 3. Nd2 c5 4. exd5 Qxd5 5. dxc5 Qxc5 6. Ngf3 Nf6 7. Bd3 Nbd7 8.
O-O Qc7 9. b3 b6 10. Bb2 Bb7 11. Qe2 Be7 12. Rad1 O-O 13. c4 Rad8 14. Bb1 Rfe8
15. Rfe1 Qc6 16. Qf1 a6 17. Ne4 Bb4 18. Re2 Qc7 19. a3 Be7 20. Nfd2 Ng4 21. g3
f5 22. Qh3 Qc6 23. f3 Bc5+ 24. Kh1 Ngf6 25. Nxc5 Nxc5 26. Qg2 Rxd2 27. Rdxd2
Qxf3 28. Kg1 Qxg2+ 29. Rxg2 Bxg2 30. Kxg2 Nxb3 31. Rd6 Nc5 32. Bc2 Nfd7 33. Bd4
Kf7 34. Rc6 Re7 35. a4 a5 36. Bc3 g6 37. h4 h5 38. Rc8 e5 39. Bd1 e4 40. Rh8 Nd3
41. c5 N7xc5 42. Bd4 Rd7 43. Be3 Ne1+ 44. Kf2 Rxd1 45. Ke2 Rb1 46. Rb8 Ned3 0-1

[Event "Mondiale Lampo FIDE 2022"]
[Site "Alma Ata"]
[Date "29.12.2022"]
[Round "3.59"]
[White "Agmanov, Zhandos"]
[Black "Jobava, Baadur"]
[Result "1/2-1/2"]
[WhiteTitle ""]
[BlackTitle ""]
[WhiteElo "2442"]
[BlackElo "2578"]
[WhiteFideId "13708309"]
[BlackFideId "13601520"]
[EventDate "29.12.2022"]

1. d4 d5 2. c4 dxc4 3. e3 e5 4. Bxc4 exd4 5. exd4 Nf6 6. Nf3 Bd6 7. Qe2+ Qe7 8.
Qxe7+ Kxe7 9. Nc3 Re8 10. O-O Kf8 11. h3 Nc6 12. Bg5 Bf5 13. Nb5 Ne4 14. Nxd6
Nxd6 15. Bd5 Be4 16. Bxc6 Bxc6 17. Ne5 Bb5 18. Rfc1 f6 19. a4 fxe5 20. axb5 Nxb5
21. dxe5 Rxe5 22. Bf4 Re7 23. Rc5 c6 24. Rd1 Rae8 25. Be3 g6 26. g4 Kf7 27. Rc4
Re4 28. b3 a6 29. Kg2 Rxc4 30. bxc4 Nc3 31. Rd7+ Re7 32. Rd8 b5 33. Bc5 Rb7 34.
cxb5 cxb5 35. Rf8+ Ke6 36. Ra8 Kd5 37. Be3 b4 38. Rxa6 b3 39. Ra5+ Kc4 40. Bc1
Kd3 41. Ra8 Kc2 42. Ba3 Nb5 43. Rc8+ Rc7 44. Rxc7+ Nxc7 45. f4 Nb5 46. f5 Nxa3
47. f6 b2 48. f7 b1=Q 49. f8=Q Qb7+ 50. Kg3 Nc4 51. Qf2+ Kd3 52. Qf1+ Kd4 53.
Qd1+ Kc5 54. Qg1+ Kd6 55. Qd4+ Qd5 56. Qf6+ Qe6 57. Qf8+ Kd7 58. Qg7+ Qe7 59.
Qg8 Nd6 60. Kg2 Qe4+ 61. Kg1 Qe3+ 62. Kg2 Qe2+ 63. Kg1 Qe7 64. Kg2 Qf7 65. Qh8
Ke7 66. Qe5+ Kd7 67. Qh8 Qd5+ 68. Kg1 Qc5+ 69. Kg2 Qc2+ 70. Kg1 Qb1+ 71. Kg2
Qa2+ 72. Kg1 Qf7 73. Kg2 Ne8 74. Qd4+ Ke7 75. Qc5+ Kd8 76. Qa5+ Qc7 77. Qg5+ Kc8
78. Qh6 Nd6 79. Qf8+ Kb7 80. Qh8 1/2-1/2

[Event "Mondiale Lampo FIDE 2022"]
[Site "Alma Ata"]
[Date "29.12.2022"]
[Round "3.60"]
[White "Tang, Andrew"]
[Black "Ansat, Aldiyar"]
[Result "0-1"]
[WhiteTitle ""]
[BlackTitle ""]
[WhiteElo "2540"]
[BlackElo "2291"]
[WhiteFideId "2059630"]
[BlackFideId "13715658"]
[EventDate "29.12.2022"]

1. d4 Nf6 2. c4 g6 3. f3 Bg7 4. e4 d6 5. Nc3 O-O 6. Nge2 a6 7. Be3 b5 8. Ng3 b4
9. Na4 Nbd7 10. Be2 c5 11. dxc5 dxc5 12. Nxc5 Qc7 13. Nd3 Rd8 14. Qc2 h5 15. O-O
h4 16. Nh1 Ne5 17. Nxe5 Qxe5 18. Nf2 Nh5 19. Nd3 Qc7 20. Nxb4 Be5 21. f4 Nxf4
22. Bxf4 Bxf4 23. Nd5 Bxh2+ 24. Kh1 Qe5 25. c5 h3 26. Bc4 Kg7 27. Nxe7 Bf4 28.
Nd5 hxg2+ 29. Kxg2 Qg5+ 30. Kf2 Qg3+ 31. Ke2 Bg4+ 32. Rf3 Qxf3+ 33. Ke1 Rh8 34.
Qc3+ Qxc3+ 35. bxc3 Rh1+ 36. Bf1 Bh3 37. Kf2 Rxf1+ 38. Rxf1 Bxf1 39. Kxf1 Be5 0-1

[Event "Mondiale Lampo FIDE 2022"]
[Site "Alma Ata"]
[Date "29.12.2022"]
[Round "3.61"]
[White "Moiseenko, Alexander"]
[Black "Khusenkhojaev, Mustafokhuja"]
[Result "1-0"]
[WhiteTitle ""]
[WhiteElo "2577"]
[BlackElo "2265"]
[WhiteFideId "14102560"]
[BlackFideId "14700727"]
[EventDate "29.12.2022"]

1. d4 Nf6 2. Bg5 d5 3. e3 g6 4. Bxf6 exf6 5. c4 dxc4 6. Bxc4 Bd6 7. Nc3 c6 8.
Nf3 O-O 9. O-O f5 10. Re1 Nd7 11. e4 fxe4 12. Nxe4 Bb4 13. Re3 Nf6 14. Nxf6+
Qxf6 15. Qb3 Bd6 16. Ne5 Bf5 17. Rae1 b5 18. Bf1 Be6 19. Qc2 Bd5 20. Nd7 Bxh2+
21. Kxh2 Qd6+ 22. Ne5 f6 23. Kg1 fxe5 24. dxe5 Qe6 25. a3 Rf5 26. Bd3 Rg5 27.
Be4 Bxe4 28. Qxe4 Rf8 29. g3 Rg4 30. Qd3 Rc4 31. Qd6 Re8 32. Qxe6+ Rxe6 33. f4
g5 34. f5 Re8 35. f6 Kf7 36. Rd1 Rc5 37. Rd7+ Ke6 38. Rxa7 Rxe5 39. Rxe5+ Kxe5
40. Re7+ Kd5 1-0

[Event "Mondiale Lampo FIDE 2022"]
[Site "Alma Ata"]
[Date "29.12.2022"]
[Round "3.62"]
[White "Sapenov, Daniyal"]
[Black "Munkhgal, Gombosuren"]
[Result "0-1"]
[WhiteTitle ""]
[BlackTitle ""]
[WhiteElo "2323"]
[BlackElo "2463"]
[WhiteFideId "13728911"]
[BlackFideId "4901266"]
[EventDate "29.12.2022"]

1. d4 Nf6 2. Nf3 d5 3. c4 e6 4. g3 dxc4 5. Bg2 Bd7 6. Ne5 Bc6 7. Nxc6 Nxc6 8.
O-O Qd7 9. e3 O-O-O 10. Nc3 h5 11. b3 Bb4 12. Bd2 Nd5 13. Nxd5 exd5 14. bxc4
Bxd2 15. cxd5 Ne7 16. Qxd2 Nxd5 17. Rfc1 c6 18. Rab1 h4 19. Rc5 Nb6 20. a4 hxg3
21. hxg3 Qd6 22. Qb4 Qc7 23. a5 Nd7 24. Rcc1 Rh6 25. a6 b6 26. Qa4 Nb8 27. Rc2
Rdd6 28. Bf3 f5 29. Qc4 Qd7 30. Rbc1 Kc7 31. Qg8 Rdf6 32. d5 c5 33. d6+ Rxd6 34.
Qc4 g5 35. Rb2 Nc6 36. Qc3 f4 37. g4 fxe3 38. fxe3 Rhf6 39. Bg2 Rfe6 40. Rf1 Qe8
41. Re2 Re5 42. Qc1 Rde6 43. Rfe1 Nb4 44. Qc3 Nd5 45. Bxd5 Rxd5 46. Rf2 Rde5 47.
Ref1 Rxe3 48. Qg7+ Re7 49. Rf7 Qd7 50. R1f5 Qd1+ 51. Kh2 Re2+ 52. Rf2 Rxf2+ 0-1

[Event "Mondiale Lampo FIDE 2022"]
[Site "Alma Ata"]
[Date "29.12.2022"]
[Round "3.63"]
[White "Savchenko, Boris"]
[Black "Mamedov, Edgar"]
[Result "1-0"]
[WhiteTitle ""]
[BlackTitle ""]
[WhiteElo "2552"]
[BlackElo "2283"]
[WhiteFideId "4147332"]
[BlackFideId "13739980"]
[EventDate "29.12.2022"]

1. e4 c6 2. Nc3 d5 3. Nf3 Bg4 4. h3 Bxf3 5. Qxf3 e6 6. g3 Nd7 7. Bg2 Ngf6 8. d4
dxe4 9. Nxe4 Be7 10. O-O O-O 11. c3 a5 12. Nd2 e5 13. Qe3 exd4 14. Qxd4 Nc5 15.
Nf3 Qxd4 16. Nxd4 Rfe8 17. Nxc6 bxc6 18. Bxc6 Nd3 19. b3 Bc5 20. Kg2 Ne1+ 21.
Rxe1 Rxe1 22. Bxa8 Re2 23. Bf4 Rxf2+ 24. Kh1 Nh5 25. Bc7 g6 26. a3 Rc2 27. g4
Ng7 28. Bxa5 Ne6 29. Re1 Nf4 30. b4 Ba7 31. Bc7 Nxh3 32. Re8+ Kg7 33. Be5+ Kh6
34. Bd4 Nf2+ 35. Kg1 Bxd4 36. cxd4 Nxg4 37. a4 Kg5 38. a5 Kf4 39. a6 Kg3 40. Kf1
Nh2+ 41. Ke1 Nf3+ 42. Bxf3 1-0

[Event "Mondiale Lampo FIDE 2022"]
[Site "Alma Ata"]
[Date "29.12.2022"]
[Round "3.64"]
[White "Akhilbay, Imangali"]
[Black "Hovhannisyan, Robert"]
[Result "0-1"]
[BlackTitle ""]
[WhiteElo "2140"]
[BlackElo "2597"]
[WhiteFideId "13734857"]
[BlackFideId "13302507"]
[EventDate "29.12.2022"]

1. d4 d5 2. Bf4 Nf6 3. Nc3 c5 4. e3 cxd4 5. exd4 a6 6. Nf3 Nc6 7. Ne5 e6 8. Nxc6
bxc6 9. Na4 Bd6 10. Bg3 O-O 11. Bd3 a5 12. Qe2 Re8 13. O-O Bxg3 14. hxg3 Qd6 15.
Rfe1 Rb8 16. c3 h6 17. a3 Nd7 18. f4 c5 19. Qf2 c4 20. Bc2 Bb7 21. Re3 Bc6 22.
g4 Nf6 23. Qe2 Qxf4 24. Nc5 Rxb2 25. Rf3 Qb8 26. g5 Ng4 27. Rh3 e5 28. Qxg4 Rxc2
29. gxh6 g6 30. Qg5 Qd8 31. h7+ Kh8 32. Qg4 Qf6 33. Rf1 Qg7 34. Nd7 0-1

[Event "Mondiale Lampo FIDE 2022"]
[Site "Alma Ata"]
[Date "29.12.2022"]
[Round "3.65"]
[White "Aleksandrov, Aleksej"]
[Black "Sjugirov, Sanan"]
[Result "1/2-1/2"]
[WhiteTitle ""]
[BlackTitle ""]
[WhiteElo "2495"]
[BlackElo "2712"]
[WhiteFideId "13500139"]
[BlackFideId "4189302"]
[EventDate "29.12.2022"]

1. Nf3 d5 2. e3 Nf6 3. c4 e6 4. b3 b6 5. Bb2 Bd6 6. cxd5 exd5 7. Be2 O-O 8. O-O
Bb7 9. d3 Nbd7 10. Nbd2 a5 11. Nd4 Re8 12. Qc2 c5 13. Nb5 Bf8 14. d4 Rc8 15. Qd1
a4 16. Nb1 Ne4 17. bxa4 c4 18. N1c3 Nxc3 19. Nxc3 Nf6 20. Qc2 Ra8 21. Rab1 Bc6
22. Bc1 Ne4 23. Nb5 Qd7 24. f3 Nd6 25. Nxd6 Bxd6 26. Kh1 Bxa4 27. Qc3 b5 28. a3
Bb3 29. Rxb3 cxb3 30. Qxb3 Qe7 31. Qxd5 Bxa3 32. Bxa3 Rxa3 33. e4 b4 34. Qb5
Raa8 35. Bc4 Rab8 36. Qa4 Red8 37. Rd1 g6 38. Qb3 Ra8 39. h3 Ra3 40. Qb2 Rc3 41.
Bd5 Rb8 42. e5 Rc7 43. Be4 b3 44. d5 Qc5 45. d6 Ra7 46. Bd5 Qc2 47. Rb1 Qxb2 48.
Rxb2 Ra5 49. Rxb3 Rxb3 50. Bxb3 Kf8 51. f4 h5 52. h4 Rb5 53. Ba2 Rb2 54. Bd5 Rd2
55. Bf3 f6 56. exf6 Kf7 57. Kh2 Kxf6 58. Kh3 Rxd6 59. g3 Rd2 60. Be4 Rb2 61. Bd3
Rb6 62. Bc2 Ke7 63. f5 gxf5 64. Bxf5 Kf6 1/2-1/2

[Event "Mondiale Lampo FIDE 2022"]
[Site "Alma Ata"]
[Date "29.12.2022"]
[Round "3.66"]
[White "Isanzhulov, Arystan"]
[Black "Donchenko, Alexander"]
[Result "1-0"]
[WhiteTitle ""]
[BlackTitle ""]
[WhiteElo "2313"]
[BlackElo "2636"]
[WhiteFideId "13711644"]
[BlackFideId "24603295"]
[EventDate "29.12.2022"]

1. e4 c6 2. d4 d5 3. e5 Bf5 4. h4 h5 5. Bd3 Bxd3 6. Qxd3 Qa5+ 7. Nd2 e6 8. Nf3
Nh6 9. O-O Nf5 10. Nb3 Qa6 11. Qd1 b6 12. a4 c5 13. c3 Nc6 14. g3 Rc8 15. Kg2
cxd4 16. Nbxd4 Nfxd4 17. cxd4 Nb4 18. Bd2 Be7 19. Bxb4 Bxb4 20. Qb3 Be7 21. Qb5+
Qxb5 22. axb5 Rc7 23. Ra6 Bb4 24. Ra4 Ba5 25. Rfa1 Rc4 26. b3 Rxa4 27. Rxa4 Bc3
28. Rxa7 O-O 29. Rb7 Ra8 30. Rxb6 Ra3 31. Ng5 g6 32. Rb8+ Kg7 33. Rb7 Bxd4 34.
Nxe6+ 1-0

[Event "Mondiale Lampo FIDE 2022"]
[Site "Alma Ata"]
[Date "29.12.2022"]
[Round "3.67"]
[White "Kovalev, Vladislav"]
[Black "Madaminov, Mukhiddin"]
[Result "0-1"]
[WhiteTitle ""]
[BlackTitle ""]
[WhiteElo "2623"]
[BlackElo "2438"]
[WhiteFideId "13504398"]
[BlackFideId "14210703"]
[EventDate "29.12.2022"]

1. e4 e5 2. Nf3 Nc6 3. Bb5 a6 4. Ba4 Nf6 5. O-O Nxe4 6. d4 b5 7. Bb3 d5 8. dxe5
Be6 9. Qe2 Be7 10. Rd1 O-O 11. c4 bxc4 12. Bxc4 Bc5 13. Be3 Bxe3 14. Qxe3 Qb8
15. Bb3 Na5 16. Nbd2 Nxb3 17. axb3 c5 18. Nxe4 dxe4 19. Qxe4 h6 20. Ra3 Bxb3 21.
Rc1 Rd8 22. Qe3 Be6 23. Qc3 a5 24. h3 a4 25. Rca1 Qb5 26. Nd2 Rd4 27. Nf3 Rc4
28. Qd2 Rb4 29. Qd1 Qc6 30. Qc1 Bd5 31. Ne1 Qb5 32. Nd3 Rc4 33. Rc3 Rd8 34. Rxc4
Bxc4 35. Nf4 Rd4 36. g3 Qd7 37. Kh2 Re4 38. Qd1 Qxd1 39. Rxd1 Rxe5 40. Rd8+ Kh7
41. Rc8 g6 42. g4 Kg7 43. Kg3 Kf6 44. h4 Ke7 45. Rc6 Kd7 46. Rb6 Kc7 47. Rf6 Re1
48. h5 g5 49. Nh3 Rb1 50. Rxh6 Rxb2 51. Rh8 Rb8 52. Rxb8 0-1

[Event "Mondiale Lampo FIDE 2022"]
[Site "Alma Ata"]
[Date "29.12.2022"]
[Round "3.68"]
[White "Khusnutdinov, Rustam"]
[Black "Tsaruk, Maksim"]
[Result "0-1"]
[WhiteTitle ""]
[BlackTitle ""]
[WhiteElo "2441"]
[BlackElo "2373"]
[WhiteFideId "13701703"]
[BlackFideId "13511173"]
[EventDate "29.12.2022"]

1. Nc3 Nf6 2. e4 e5 3. Nf3 Nc6 4. Be2 d5 5. exd5 Nxd5 6. O-O Nde7 7. Bb5 a6 8.
Ba4 b5 9. Bb3 Ng6 10. Re1 Be7 11. Bd5 Bb7 12. Bxc6+ Bxc6 13. Nxe5 Nxe5 14. Rxe5
O-O 15. d3 Bd6 16. Re3 f5 17. Qh5 Qf6 18. Re1 b4 19. Bg5 Qd4 20. Be3 Qe5 21. Ne2
Qd5 22. f3 Rae8 23. Bf2 Re6 24. Ng3 Rh6 25. Qg5 Rg6 26. Qd2 h5 27. Qe2 h4 28.
Nf1 Qxf3 29. Qxf3 Bxf3 30. g3 f4 31. Nd2 fxg3 32. hxg3 hxg3 33. Bd4 Bc6 34. Ne4
Bf4 35. Kg2 Rh6 36. Rh1 Rh2+ 37. Rxh2 gxh2 38. Rf1 g5 39. Bc5 Re8 40. Re1 Kf7
41. Bxb4 Kg6 0-1

[Event "Mondiale Lampo FIDE 2022"]
[Site "Alma Ata"]
[Date "29.12.2022"]
[Round "3.69"]
[White "Nogerbek, Kazybek"]
[Black "Suleimen, Ergali"]
[Result "1-0"]
[WhiteTitle ""]
[WhiteElo "2468"]
[BlackElo "2073"]
[WhiteFideId "13710427"]
[BlackFideId "13724452"]
[EventDate "29.12.2022"]

1. e4 c5 2. Nf3 Nc6 3. Bc4 e5 4. Nc3 Be7 5. d3 Nf6 6. Nd2 d6 7. Nf1 Bg4 8. f3
Be6 9. Ne3 a6 10. a4 Nb4 11. O-O O-O 12. Bd2 d5 13. exd5 Nbxd5 14. Nexd5 Nxd5
15. a5 Nxc3 16. Bxc3 Bxc4 17. dxc4 Qc7 18. Qe2 f6 19. Rad1 Rad8 20. Qe4 Qc6 21.
Rd5 Rxd5 22. cxd5 Qc7 23. g4 Rd8 24. h4 c4 25. Kg2 Qc5 26. Rd1 Bd6 27. h5 Bc7
28. Qf5 Qd6 29. Qe4 Qc5 30. d6 Rxd6 31. Rxd6 Qxd6 32. Qxb7 e4 33. Qxe4 Qh2+ 34.
Kf1 Qh1+ 35. Ke2 Qg2+ 36. Kd1 Qf1+ 37. Be1 h6 38. Qe2 Qxe2+ 39. Kxe2 Be5 40. Bc3
Bxc3 41. bxc3 Kf7 42. Ke3 f5 43. Kd4 fxg4 44. fxg4 g6 45. Kxc4 gxh5 46. gxh5 1-0

[Event "Mondiale Lampo FIDE 2022"]
[Site "Alma Ata"]
[Date "29.12.2022"]
[Round "3.70"]
[White "Suleymanli, Aydin"]
[Black "Abdilkhair, Abilmansur"]
[Result "1-0"]
[WhiteTitle ""]
[BlackTitle ""]
[WhiteElo "2543"]
[BlackElo "2278"]
[WhiteFideId "13413937"]
[BlackFideId "13716417"]
[EventDate "29.12.2022"]

1. d4 d5 2. Nf3 Nf6 3. Bf4 c5 4. e3 Nc6 5. Nbd2 Qb6 6. dxc5 Qxb2 7. Rb1 Qc3 8.
Bb5 g6 9. O-O Bg7 10. Nb3 O-O 11. Bxc6 bxc6 12. Be5 Qc4 13. Nfd4 Qa4 14. Re1 Ba6
15. a3 Ne4 16. Bxg7 Kxg7 17. Qg4 e5 18. Nf5+ Kf6 19. Nd6 Kg7 20. Nf5+ Kh8 21.
Nd6 f5 22. Qh4 Kg8 23. f3 Nc3 24. Qe7 Nxb1 25. Qe6+ Kg7 26. Qxe5+ Kh6 27. Rxb1
f4 28. Nd4 Qxa3 29. exf4 Qxc5 30. Kh1 Rad8 31. Qg5+ Kg7 32. Ne6+ Kh8 33. Qe5+ 1-0

[Event "Mondiale Lampo FIDE 2022"]
[Site "Alma Ata"]
[Date "29.12.2022"]
[Round "3.71"]
[White "Gurel, Ediz"]
[Black "Arjun, Kalyan"]
[Result "1/2-1/2"]
[WhiteTitle ""]
[BlackTitle ""]
[WhiteElo "2454"]
[BlackElo "2505"]
[WhiteFideId "44507356"]
[BlackFideId "35018701"]
[EventDate "29.12.2022"]

1. e4 c5 2. Nf3 d6 3. d4 cxd4 4. Nxd4 Nf6 5. Nc3 Nc6 6. Bg5 e6 7. Qd2 a6 8. Nxc6
bxc6 9. O-O-O h6 10. Bf4 d5 11. Qe3 Be7 12. Kb1 O-O 13. e5 Nh7 14. Bd3 Rb8 15.
Bxh6 gxh6 16. Qxh6 f5 17. exf6 Nxf6 18. Qg6+ Kh8 19. g4 Qa5 20. Qh6+ Kg8 21.
Qg6+ Kh8 22. Qh6+ Kg8 23. Qg6+ Kh8 24. Qh6+ Kg8 1/2-1/2

[Event "Mondiale Lampo FIDE 2022"]
[Site "Alma Ata"]
[Date "29.12.2022"]
[Round "3.72"]
[White "Zhigalko, Sergei"]
[Black "Nissinen, Niilo Man"]
[Result "1-0"]
[WhiteTitle ""]
[BlackTitle ""]
[WhiteElo "2572"]
[BlackElo "1996"]
[WhiteFideId "13502956"]
[BlackFideId "30950767"]
[EventDate "29.12.2022"]

1. e4 c5 2. Nf3 Nc6 3. c3 Nf6 4. e5 Nd5 5. Bc4 e6 6. O-O d6 7. d4 cxd4 8. cxd4
Nb6 9. Bd3 dxe5 10. dxe5 Be7 11. Qe2 O-O 12. Rd1 Qc7 13. Nc3 a6 14. Bf4 Rd8 15.
Ne4 Nd5 16. Bg3 h6 17. Rac1 b5 18. Nd6 Bb7 19. Qe4 g6 20. Nxf7 Kxf7 21. Qxg6+
Kf8 22. Qxh6+ Ke8 23. Qxe6 1-0

[Event "Mondiale Lampo FIDE 2022"]
[Site "Alma Ata"]
[Date "29.12.2022"]
[Round "3.73"]
[White "Yilmaz, Mustafa"]
[Black "Zverev, Lev"]
[Result "1/2-1/2"]
[WhiteTitle ""]
[BlackTitle ""]
[WhiteElo "2617"]
[BlackElo "2310"]
[WhiteFideId "6302718"]
[BlackFideId "24250775"]
[EventDate "29.12.2022"]

1. c4 e5 2. Nc3 Nf6 3. g3 c6 4. Nf3 e4 5. Nd4 Qb6 6. e3 d5 7. Bg2 Be7 8. cxd5
cxd5 9. d3 exd3 10. Qxd3 Nc6 11. Nxc6 bxc6 12. Qc2 Ba6 13. Bf1 Bxf1 14. Kxf1 O-O
15. Kg2 c5 16. Rd1 Rad8 17. b3 d4 18. Na4 Qc6+ 19. f3 dxe3 20. Bxe3 Nd5 21. Bf2
Rc8 22. Nb2 Bf6 23. Rd2 Nb4 24. Qc4 Rfd8 25. Rad1 Rxd2 26. Rxd2 h6 27. Na4 Na6
28. Rd5 Be7 29. Re5 Bd6 30. Rf5 Qd7 31. Qxa6 Qxf5 32. Qxd6 c4 33. Nc5 c3 34. b4
c2 35. Qd2 h5 36. h3 Re8 37. g4 hxg4 38. hxg4 Qg6 39. Kg3 Re2 40. Qd8+ Kh7 41.
Qh4+ Qh6 42. Qxh6+ gxh6 43. Nb3 a6 44. Bd4 Kg6 45. Bb2 Re3 46. Bc1 Rc3 47. Kf2
f5 48. gxf5+ Kxf5 49. Bxh6 Rc4 50. Bd2 Ke5 51. Ke2 Kd5 52. Kd3 Rc8 53. a3 Rc7
54. f4 Rc8 55. Nc5 a5 56. Kxc2 axb4 57. axb4 Kc4 58. Kd1 Re8 59. Kc2 Re2 60. Nd3
Re8 61. Ne5+ Kd5 62. Kd3 Rh8 63. Be3 Rb8 64. Kc3 Rc8+ 65. Bc5 Ke4 66. Nc4 Kxf4
67. Nb6 Rh8 68. Kd4 Rd8+ 69. Kc4 Ke5 70. b5 Rd1 71. Kb4 Rb1+ 72. Ka5 Ra1+ 73.
Na4 Kd5 74. Bf8 Ra2 75. Kb4 Ra1 76. Nc3+ Ke6 77. b6 Kd7 78. Kb5 Rc1 79. Bg7 Rg1
80. Bd4 Rg4 81. Bc5 Rg3 82. Nd5 Rb3+ 83. Nb4 Rb1 84. Bd4 Kc8 85. Bc5 Kb7 86. Kc4
Rc1+ 87. Kd4 Rd1+ 88. Kc4 Rc1+ 89. Kb5 Rb1 90. Be3 Re1 91. Bd4 Rb1 92. Kc4 Rc1+
93. Kb5 Rb1 94. Bc5 Rb2 95. Ka4 Rb1 96. Ka5 Ra1+ 97. Kb5 Rb1 98. Bd6 Rd1 99. Bc7
Rb1 100. Bd8 Rd1 101. Be7 Rb1 102. Bd8 Rd1 103. Bc7 Rb1 104. Kc5 Rc1+ 105. Kd6
Rb1 106. Nd5 Rb5 107. Bd8 Rb1 108. Kd7 Rd1 109. Kd6 Rb1 110. Bc7 Rb5 111. Ke6
Kc6 112. Ne7+ Kb7 113. Nd5 Kc6 114. Ne7+ Kb7 115. Nd5 Kc6 116. Ne7+ Kb7 117. Nd5 1/2-1/2

[Event "Mondiale Lampo FIDE 2022"]
[Site "Alma Ata"]
[Date "29.12.2022"]
[Round "3.74"]
[White "Narayanan, Srinath"]
[Black "Vetokhin, Savva"]
[Result "0-1"]
[WhiteTitle ""]
[BlackTitle ""]
[WhiteElo "2559"]
[BlackElo "2354"]
[WhiteFideId "5018420"]
[BlackFideId "44144474"]
[EventDate "29.12.2022"]

1. d4 Nf6 2. Nf3 e6 3. c4 d5 4. g3 dxc4 5. Bg2 Nc6 6. O-O Rb8 7. Bg5 Be7 8. Nbd2
b5 9. a4 a6 10. axb5 axb5 11. e3 O-O 12. Qc1 Bb7 13. b3 c3 14. Qxc3 Nd5 15. Bxe7
Nxc3 16. Bxd8 Rfxd8 17. Rfe1 Ra8 18. Rac1 b4 19. Nc4 Ra2 20. Nfd2 Rda8 21. Bf3
Nd8 22. e4 Nc6 23. d5 Nd4 24. dxe6 Nxf3+ 25. Nxf3 Ne2+ 26. Rxe2 Rxe2 27. exf7+
Kxf7 28. Nce5+ Kf6 29. Rxc7 Bxe4 30. Ng4+ Ke6 31. Nd4+ Kd6 32. Rc1 Rd2 33. Nb5+
Ke7 34. Re1 Re2 35. Rc1 Rc8 36. Ra1 Rec2 37. Ra7+ Kf8 38. f3 Bxf3 39. Ne5 Rg2+
40. Kf1 Rc1# 0-1

[Event "Mondiale Lampo FIDE 2022"]
[Site "Alma Ata"]
[Date "29.12.2022"]
[Round "3.75"]
[White "Makarian, Rudik"]
[Black "Korelskiy, Egor"]
[Result "1-0"]
[WhiteTitle ""]
[BlackTitle ""]
[WhiteElo "2554"]
[BlackElo "2153"]
[WhiteFideId "44105681"]
[BlackFideId "34329064"]
[EventDate "29.12.2022"]

1. d3 d5 2. f4 Nf6 3. Nf3 c5 4. g3 g6 5. Bg2 Bg7 6. O-O O-O 7. Ne5 Nbd7 8. e4
dxe4 9. Nxd7 Bxd7 10. dxe4 Bc6 11. e5 Nd5 12. Qe2 e6 13. c4 Ne7 14. Rd1 Qc7 15.
Nc3 Nf5 16. Be3 Rfd8 17. Bf2 Bxg2 18. Kxg2 Qc6+ 19. Qf3 Qxf3+ 20. Kxf3 b6 21. g4
Ne7 22. Bh4 Kf8 23. Ne4 h6 24. Bg3 Nc6 25. h4 Nd4+ 26. Kf2 Rd7 27. Rd2 Rad8 28.
Rad1 Ke8 29. Nd6+ Kf8 30. h5 gxh5 31. Bh4 Rb8 32. gxh5 a6 33. Ne4 Rdb7 34. Rxd4
cxd4 35. Rxd4 Kg8 36. Kf3 Rc7 37. b3 Rbc8 38. Nd6 Rb8 39. Ne4 Rbc8 40. a4 b5 41.
axb5 axb5 42. c5 Rxc5 43. Nxc5 Rxc5 44. Be1 Rc2 45. Rd8+ Kh7 46. Rd7 Kg8 47. Rb7
Rc5 48. Ke4 Rd5 49. Bf2 Bf8 50. f5 Bc5 51. Rb8+ Kh7 52. Bxc5 Rxc5 53. f6 Rc7 54.
Rxb5 Kg8 55. Rb8+ Kh7 56. b4 Rc4+ 57. Kd3 Rh4 58. b5 Rxh5 59. Kd4 Rh4+ 60. Kc5
Re4 61. Kd6 Kg6 62. b6 Rb4 63. Ke7 h5 64. b7 Kf5 65. Kxf7 Kxe5 66. Ke7 h4 67. f7
h3 68. f8=Q 1-0

[Event "Mondiale Lampo FIDE 2022"]
[Site "Alma Ata"]
[Date "29.12.2022"]
[Round "3.76"]
[White "Damjanovic, Vuk"]
[Black "Khripachenko, Alexander"]
[Result "1-0"]
[WhiteTitle ""]
[BlackTitle ""]
[WhiteElo "2361"]
[BlackElo "2219"]
[WhiteFideId "980021"]
[BlackFideId "54184975"]
[EventDate "29.12.2022"]

1. d4 d5 2. Nc3 Nf6 3. Bf4 a6 4. e3 e6 5. g4 b5 6. g5 Nfd7 7. Nf3 Bb7 8. h4 c5
9. h5 Nc6 10. Ne2 Be7 11. Rh3 Qa5+ 12. c3 b4 13. g6 f5 14. Ng5 Bxg5 15. Bxg5 h6
16. Bh4 O-O 17. Qd2 bxc3 18. bxc3 e5 19. Bg2 Nb6 20. Rb1 Rab8 21. Kf1 cxd4 22.
exd4 Nc4 23. Qd1 f4 24. dxe5 f3 25. Rxf3 N6xe5 26. Rxf8+ Rxf8 27. Kg1 Ba8 28.
Bg3 Kh8 29. a4 Bc6 30. Rb4 Qd8 31. Nf4 a5 32. Rb1 Qd7 33. Qd4 Rd8 34. Re1 Ng4
35. Bh3 Rf8 36. Ne6 Re8 37. Bxg4 1-0

[Event "Mondiale Lampo FIDE 2022"]
[Site "Alma Ata"]
[Date "29.12.2022"]
[Round "3.77"]
[White "Mamatov, Melis"]
[Black "Sankalp, Gupta"]
[Result "0-1"]
[WhiteTitle ""]
[BlackTitle ""]
[WhiteElo "2399"]
[BlackElo "2485"]
[WhiteFideId "13800027"]
[BlackFideId "5097010"]
[EventDate "29.12.2022"]

1. e4 e6 2. d4 d5 3. Nc3 Nf6 4. e5 Nfd7 5. f4 c5 6. Nf3 Nc6 7. Be3 Be7 8. Qd2
O-O 9. Be2 b6 10. O-O f6 11. exf6 Nxf6 12. Kh1 Ng4 13. Bg1 Qc7 14. Ne5 Ngxe5 15.
fxe5 cxd4 16. Bxd4 Nxd4 17. Qxd4 Bd7 18. Bd3 g6 19. Qe3 Rxf1+ 20. Rxf1 Rf8 21.
Re1 Rf7 22. Qe2 Bf8 23. Nb5 Qc5 24. Nc3 Qd4 25. Nd1 Bh6 26. c3 Qh4 27. Ne3 Bf4
28. g3 Bxg3 29. Rf1 Bf4 0-1

[Event "Mondiale Lampo FIDE 2022"]
[Site "Alma Ata"]
[Date "29.12.2022"]
[Round "3.78"]
[White "Zhalmakhanov, Ramazan"]
[Black "Begmuratov, Khumoyun"]
[Result "1-0"]
[WhiteTitle ""]
[BlackTitle ""]
[WhiteElo "2401"]
[BlackElo "2399"]
[WhiteFideId "13706357"]
[BlackFideId "14210207"]
[EventDate "29.12.2022"]

1. d4 Nf6 2. Nc3 d5 3. Bf4 c5 4. e3 e6 5. Nb5 Na6 6. c3 Be7 7. Bd3 O-O 8. Nf3 c4
9. Bc2 Bd7 10. a4 Bxb5 11. axb5 Nc7 12. g4 Nxb5 13. g5 Ne4 14. h4 Bd6 15. Ne5 f6
16. gxf6 Nxf6 17. Rg1 Qe8 18. Bh6 g6 19. Nxg6 hxg6 20. Rxg6+ Qxg6 21. Bxg6 Be7
22. Bxf8 Rxf8 23. Qe2 a6 24. O-O-O Rc8 25. Rg1 Kf8 26. h5 Bd6 27. h6 Ke7 28. Bc2
Rh8 29. Rg7+ Kf8 30. Rg6 Be7 31. Qf3 Kf7 32. h7 Nd6 33. Qf4 Ne8 34. Rg8 Rxg8 35.
hxg8=Q+ Kxg8 36. Qb8 b5 37. Qb6 Nd6 38. Qxa6 Kf7 39. Kd1 Ng4 40. Ke2 Nf6 41. Qc6
Nfe8 42. e4 dxe4 43. Bxe4 Nf6 44. Bf3 Nh7 45. Bg4 Nf6 46. Bf3 Nh7 47. Bh5+ Kf8
48. Qf3+ Nf6 49. Bg4 Kf7 50. Bh3 b4 51. Qe3 Nfe4 52. f3 Ng5 53. Bg4 bxc3 54.
bxc3 Bf6 55. Kf2 Ke7 56. Kg2 Kd8 57. Bxe6 Be7 58. Bg4 Ngf7 59. Qe6 Ke8 60. Bh5
Kf8 61. Bxf7 Nxf7 62. Qc8+ Kg7 63. Qxc4 Bd6 64. Qe6 Bc7 65. c4 Kf8 66. c5 Bf4
67. d5 1-0